LEADER 03425nam 22006614a 450 001 9910454837703321 005 20210430021137.0 010 $a1-282-75871-3 010 $a9786612758713 010 $a0-520-91966-1 010 $a1-59734-802-3 024 7 $a10.1525/9780520919662 035 $a(CKB)111056485636764 035 $a(EBL)222942 035 $a(OCoLC)475926734 035 $a(SSID)ssj0000219781 035 $a(PQKBManifestationID)11200011 035 $a(PQKBTitleCode)TC0000219781 035 $a(PQKBWorkID)10248145 035 $a(PQKB)10013852 035 $a(MiAaPQ)EBC222942 035 $a(DE-B1597)542444 035 $a(DE-B1597)9780520919662 035 $a(Au-PeEL)EBL222942 035 $a(CaPaEBR)ebr10064747 035 $a(OCoLC)1163878679 035 $a(EXLCZ)99111056485636764 100 $a20000615d2000 ub 0 101 0 $aeng 135 $aur|nu---|u||u 181 $ctxt 182 $cc 183 $acr 200 00$aPerformance artists talking in the eighties$b[electronic resource] $esex, food, money/fame, ritual/death /$fcompiled by Linda M. Montano 205 $aReprint 2019 210 $aBerkeley $cUniversity of California Press$dc2000 215 $a1 online resource (588 p.) 300 $a"Ahmanson Murphy fine arts imprint." 311 $a0-520-21022-0 311 $a0-520-21021-2 320 $aIncludes bibliographical references and index. 327 $tFront matter --$tContents --$tIllustrations --$tPreface --$tIntroduction: Shall We Talk? Linda M. Montano Performs Autobiographical Voices --$tPART ONE. Sex --$tPART TWO. Food --$tPART THREE. Money/fame --$tPART FOUR. Ritual/death --$tAfterword: Quicksilver and Revelations: Performance Art at the End of the Twentieth Century --$tBiographies --$tIndex 330 $aPerformance artist Linda Montano, curious about the influence childhood experience has on adult work, invited other performance artists to consider how early events associated with sex, food, money/fame, or death/ritual resurfaced in their later work. The result is an original and compelling talking performance that documents the production of art in an important and often misunderstood community. Among the more than 100 artists Montano interviewed from 1979 to 1989 were John Cage, Suzanne Lacy, Faith Ringgold, Dick Higgins, Annie Sprinkle, Allan Kaprow, Meredith Monk, Eric Bogosian, Adrian Piper, Karen Finley, and Kim Jones. Her discussions with them focused on the relationship between art and life, history and memory, the individual and society, and the potential for individual and social change. The interviews highlight complex issues in performance art, including the role of identity in performer-audience relationships and art as an exploration of everyday conventions rather than a demonstration of virtuosity. 606 $aPerformance artists$zUnited States$vInterviews 606 $aPerformance art$zUnited States 608 $aElectronic books. 615 0$aPerformance artists 615 0$aPerformance art 676 $a709/.2/273 700 $aMontano$b Linda M., $4aut$4http://id.loc.gov/vocabulary/relators/aut$01035045 701 $aMontano$b Linda$f1942-$01035046 801 0$bMiAaPQ 801 1$bMiAaPQ 801 2$bMiAaPQ 906 $aBOOK 912 $a9910454837703321 996 $aPerformance artists talking in the eighties$92454537 997 $aUNINA LEADER 01794nam 2200469 450 001 9910797927603321 005 20220518230355.0 010 $a2-8062-6807-9 035 $a(CKB)3710000000574682 035 $a(EBL)4188646 035 $a(MiAaPQ)EBC4188646 035 $a(Au-PeEL)EBL4188646 035 $a(CaPaEBR)ebr11134948 035 $a(OCoLC)933596667 035 $a(PPN)249696207 035 $a(EXLCZ)993710000000574682 100 $a20220518d2015 uy 0 101 0 $afre 135 $aur|n|---||||| 181 $ctxt$2rdacontent 182 $cc$2rdamedia 183 $acr$2rdacarrier 200 13$aLe Royaume d'Emmanuel Carre?re (Fiche de Lecture) $eanalyse comple?te et Re?sume? de?taille? de L'oeuvre /$fJeremy Lambert 210 1$aNamur, Belgium :$cLemaitre Publishing,$d[2015] 210 4$d©2015 215 $a1 online resource (20 p.) 225 1 $aFiche de lecture 300 $aDescription based upon print version of record. 311 $a2-8062-6808-7 327 $aIntro -- Page de titre -- Emmanuel Carre?re -- Le Royaume -- Re?sume? -- Premie?re trame : l'auteur -- Seconde trame : Paul et Luc -- E?tude des personnages -- Jacqueline -- Herve? -- Philip K. Dick -- Cle?s de lecture -- La structure du re?cit -- L'honne?tete? du « je » -- Digression et simplicite? comme e?le?ments stylistiques -- Pistes de re?flexion -- Pour aller plus loin -- Copyright. 410 0$aFiche de lecture 606 $aFaith 615 0$aFaith. 676 $a297.14 700 $aLambert$b Je?re?my$0949116 801 0$bMiAaPQ 801 1$bMiAaPQ 801 2$bMiAaPQ 906 $aBOOK 912 $a9910797927603321 996 $aLe Royaume d'Emmanuel Carre?re (Fiche de Lecture)$93672286 997 $aUNINA